Capital Location: North & South America Quiz Stats

Quiz Updated Sep 8, 2015

Challenge
Share
Tweet
Score 0/26 Timer 07:00
7 Plays Today
% Correct
A is Washington, D.C.
94.2%
B is Mexico City
89.9%
B is Georgetown
72.8%
B is Ottawa
68.6%
C is Brasília
67.6%
D is Panama City
66.3%
A is Buenos Aires
64.3%
A is Santiago
63.9%
B is Port-au-Prince
63.3%
B is Paramaribo
63%
D is Montevideo
61.6%
A is Santo Domingo
60.1%
B is Caracas
57.3%
% Correct
C is Bogotá
55.4%
A is Kingston
49.4%
C is San José
46.8%
D is La Paz
39.8%
A is Quito
39.3%
C is Tegucigalpa
39.3%
D is Lima
33.4%
C is Managua
32.6%
D is Havana
32.5%
B is Guatemala City
30.6%
A is San Salvador
26.9%
A is Bridgetown
25.7%
C is Asunción
20%

You're not logged in!

Compare scores with friends on all Sporcle quizzes.
Join for Free
OR
Log In

You Might Also Like...

Show Comments

Extras

Top Quizzes Today


Score Distribution

Your Account Isn't Verified!

In order to create a playlist on Sporcle, you need to verify the email address you used during registration. Go to your Sporcle Settings to finish the process.

Report this User

Report this user for behavior that violates our Community Guidelines.

Details: